000 00554nam a2200181 i 4500
001 127375
003 ES-MaACL
005 20250815114139.0
007 t|
008 070214s1932 sp r ||||1| spa d
100 1 _aRichet, Charles (
_d1850-1935)
_996954
245 1 3 _aEl porvenir y la premonición
_b: vislumbrando en el impenetrable futuro /
_cpor el Dr. Charles Richet.
260 _aBarcelona :
_bAraluce,
_c1932.
300 _a316 p. ;
_c18 cm.
650 0 7 _aAdivinación
_2embne
_99612
852 _aES-MaACL
_jA-1142
999 _c127375
_d127375